| 000 | 00322nam a2200109 4500 | ||
|---|---|---|---|
| 999 |
_c11132 _d11132 |
||
| 008 | 181012b ||||| |||| 00| 0 eng d | ||
| 245 | _aWill sex scandals make men wary of women at work?. | ||
| 260 |
_aPhilippines _bPhilippine Daily Inquirer _cc2017 |
||
| 300 | _apage A2. | ||
| 650 | 0 |
_932165 _aSex crimes. |
|
| 942 |
_2ddc _cPER |
||